Gemeinden des Kantons Aargau - Statistiken

Allgemein
  • Dieses Quiz wurde 4.614 mal gespielt
    807 seit der letzten Aktualisierung
  • Das Durchschnittsergebnis liegt bei 73 aus 196
Antworten auf der Karte
Die Antworten werden auf der Karte rot bzw. grün angezeigt, abhängig davon wie oft sie richtig erraten wurden.
 
Antwortstatistiken
Einwohner Gemeinde % Korrekt
22'710 Aarau
91%
23'853 Baden
86%
15'234 Brugg
83%
11'314 Lenzburg
80%
13'820 Rheinfelden
73%
12'587 Spreitenbach
73%
8'712 Muri
71%
17'816 Wohlen
71%
12'876 Zofingen
71%
5'924 Frick
70%
8'336 Zurzach
70%
8'871 Bremgarten
69%
21'856 Wettingen
69%
11'617 Suhr
64%
3'719 Beinwil am See
63%
1'309 Beinwil (Freiamt)
63%
1'024 Hallwil
63%
3'858 Laufenburg
61%
11'389 Möhlin
60%
4'847 Birr
57%
9'634 Reinach
56%
5'652 Seon
56%
4'491 Sins
56%
5'824 Kaiseraugst
55%
8'672 Menziken
55%
15'120 Oftringen
55%
8'946 Oberentfelden
54%
3'512 Stein
54%
8'917 Aarburg
53%
4'987 Möriken-Wildegg
53%
9'896 Rothrist
53%
8'153 Windisch
53%
4'550 Unterentfelden
52%
8'491 Buchs
51%
6'229 Rupperswil
50%
8'692 Gränichen
49%
5'106 Kölliken
49%
4'494 Seengen
49%
6'931 Würenlos
49%
3'887 Gipf-Oberfrick
48%
3'168 Othmarsingen
48%
4'608 Schöftland
48%
2'462 Schinznach
47%
4'257 Dottikon
46%
4'639 Erlinsbach
46%
2'627 Oberwil-Lieli
46%
3'801 Unterkulm
46%
2'304 Killwangen
45%
6'319 Mellingen
45%
4'958 Niederlenz
45%
3'023 Oberkulm
45%
3'310 Meisterschwanden
44%
8'242 Villmergen
44%
6'140 Fislisbach
43%
3'401 Lupfig
43%
4'090 Muhen
43%
3'155 Schafisheim
43%
7'812 Untersiggenthal
43%
6'997 Küttigen
42%
8'966 Obersiggenthal
42%
5'000 Berikon
41%
2'428 Dintikon
41%
9'212 Neuenhof
41%
3'128 Murgenthal
40%
4'630 Safenwil
40%
2'039 Vordemwald
40%
2'301 Auw
39%
1'414 Birrwil
39%
1'696 Bözberg
39%
2'940 Böztal
39%
4'382 Hunzenschwil
39%
3'114 Boswil
38%
3'893 Merenschwand
38%
2'207 Oberlunkhofen
38%
4'287 Oberrohrdorf
38%
1'688 Unterlunkhofen
38%
5'262 Würenlingen
38%
2'516 Eiken
37%
3'703 Ennetbaden
37%
1'821 Koblenz
37%
4'339 Brittnau
36%
4'561 Döttingen
36%
1'605 Leibstadt
36%
4'402 Staufen
36%
1'120 Abtwil
35%
2'997 Bergdietikon
35%
1'570 Holderbank
35%
3'700 Klingnau
35%
3'888 Magden
35%
2'232 Mägenwil
35%
1'630 Oberrüti
35%
3'182 Sarmenstorf
35%
5'098 Strengelbach
35%
3'066 Birmenstorf
34%
1'770 Boniswil
34%
4'928 Ehrendingen
34%
2'536 Fahrwangen
34%
431 Habsburg
34%
4'695 Niederrohrdorf
34%
1'603 Aristau
33%
1'657 Biberstein
33%
1'417 Dietwil
33%
1'387 Hendschiken
33%
2'667 Herznach-Ueken
33%
1'563 Mumpf
33%
2'231 Villigen
33%
5'807 Gebenstorf
32%
1'803 Teufenthal
32%
4'906 Zufikon
32%
1'987 Arni
31%
1'580 Bellikon
31%
969 Birrhard
31%
1'733 Fischbach-Göslikon
31%
3'774 Hausen
31%
2'946 Kaisten
31%
2'209 Gontenschwil
30%
1'763 Holziken
30%
2'347 Jonen
30%
938 Kirchleerau
30%
2'955 Lengnau
30%
1'347 Mühlau
30%
4'644 Rudolfstetten-Friedlisberg
30%
1'600 Veltheim
30%
1'743 Auenstein
29%
1'245 Bünzen
29%
2'717 Endingen
29%
1'013 Full-Reuenthal
29%
1'763 Hirschthal
29%
1'956 Künten
29%
3'023 Niederwil
29%
2'541 Stetten
29%
3'186 Waltenschwil
29%
1'381 Zetzwil
29%
863 Bottenwil
28%
1'297 Buttwil
28%
955 Moosleerau
28%
1'160 Schmiedrued
28%
802 Ammerswil
27%
769 Densbüren
27%
692 Islisberg
27%
2'176 Mettauertal
27%
1'081 Obermumpf
27%
893 Schlossrued
27%
1'653 Sisseln
27%
3'815 Widen
27%
1'077 Wölflinswil
27%
637 Besenbüren
26%
1'375 Dürrenäsch
26%
605 Fisibach
26%
241 Geltwil
26%
755 Leutwil
26%
1'621 Reitnau
26%
2'096 Remetschwil
26%
543 Leimbach
25%
716 Bettwil
24%
920 Brunegg
24%
1'605 Egliswil
24%
2'444 Leuggern
24%
584 Oberhof
24%
960 Rottenschwil
24%
1'441 Uerkheim
24%
2'545 Zeiningen
24%
1'100 Freienwil
23%
224 Mellikon
23%
1'564 Schneisingen
23%
728 Schwaderloch
23%
1'547 Tägerig
23%
956 Thalheim
23%
170 Wiliberg
23%
1'429 Wittnau
23%
1'855 Wohlenschwil
23%
909 Zuzgen
23%
4'326 Böttstein
22%
2'588 Hägglingen
22%
360 Olsberg
22%
1'380 Remigen
22%
1'365 Staffelbach
22%
2'065 Wallbach
22%
1'170 Büttikon
21%
1'128 Gansingen
21%
1'185 Oeschgen
21%
1'568 Riniken
21%
1'304 Tegerfelden
21%
850 Hellikon
20%
422 Kallern
20%
1'077 Münchwilen
20%
554 Uezwil
20%
1'017 Wegenstetten
20%
1'055 Eggenwil
19%
883 Schupfart
19%
1'265 Zeihen
19%
328 Mandach
17%
393 Mönthal
17%
1'088 Mülligen
17%
888 Rüfenach
17%
799 Siglistorf
14%
Keine übereinstimmenden Quizze gefunden
Verteilung der Resultate
Anzahl Personen mit jedem Resultat
Perzentil nach korrekt beantworteten Fragen
Ihre Resultats-Entwicklung
Sie haben dieses Quiz seit der letzten Aktualisierung nicht gespielt